000 00501nam a2200157 i 4500
001 91298
003 ES-MaACL
005 20230906180703.0
007 t|
008 050128s1964 sp ||||1| spa d
245 0 0 _aLevando el ancla
_b: el problema Iglesia-Estado, colateral a la libertad religiosa /
_ccompilado por Rafael López Jordán.
260 _aMadrid :
_bStudium,
_c[1964]
300 _a285 p. ;
_c20 cm.
700 0 _aLópez Jordán, Rafael.
_973717
852 _aES-MaACL
_jC-27286
_bR.55917
999 _c91298
_d91298